000 02911nam0a2200493 4500
001 RU\NLR\BIBL_A\011942407
005 20250809113129.0
020 _aRU
_9Ленинград в Великой Отечественной войне. Коллекция. Афиши
035 _a(NLR Aleph) 011942407
090 _a65355
_c65355
100 _a20190220d1943 u y0rusy50 ca
101 0 _arus
102 _aRU
105 _ay z 000zy
135 _acrcn 024anaba
200 1 _aЛитературно-музыкальный концерт Владимира Яхонтова и Елизаветы Лойтер, Суббота 27 февраля 1943 г.
_e[афиша]
_fУправление по делам искусств Исполкома Ленгорсовета, Зал камерных концертов
210 _a[Ленинград]
_cЛТ-УН № 9
_d1943
215 _a1 л.
_d45х66
300 _aНачало в 17 час. Билеты продаются ежедневно в кассе зала от 11 до 19 час.
300 _aЗак. 226
325 _aКопия доступна в Электрон. б-ке РНБ
327 _aВ программе: Композиция "Времена года", лирические стихи А.С. Пушкина, "Времена года" - П.И. Чайковского
606 1 _aТеатральная жизнь
_yЛенинград, город
_z1941 - 1944
_jАфиши
_2nlr_sh2
_3RU\NLR\AUTH\6601649837
686 1 _aЩ333(2Р=Рус)7-692Ленинград
702 1 _aЯхонтов
_bВ. Н.
_cартист, чтец
_f1899-1945
_gВладимир Николаевич
_3RU\NLR\AUTH\770201765
_4005
702 1 _aЛойтер
_bЕ. Э.
_cмузыковед, пианистка
_f1908-1973
_gЕлизавета Эммануиловна
_3RU\NLR\AUTH\770201787
_4005
712 0 2 _aЗал камерных концертов
_cЛенинград
_3RU\NLR\AUTH\880495405
_4570
852 _aNLR
_jЛ3-330а/12/3/1943-февр.(4)
856 0 _uhttp://vivaldi.nlr.ru/la700000142/view
856 1 _uhttp://vivaldi.nlr.ru/la700000142/cover
856 2 _uhttp://vivaldi.nlr.ru/la700000142/text
942 _cVISUAL
945 _aРоссийская национальная библиотека
980 _aNB
980 _aBV
980 3 _akplen
980 3 _akp
981 3 7 _a(37) Ленинград в Великой Отечественной войне
_b(37) Афиши блокадного Ленинграда